000 01145nam a22003617a 4500
003 CHAP
005 20220329140923.0
008 971013s1993 r 00010 d
010 _a59844
011 _a60816
035 _a64979
040 _cCHAP
082 _a632.93
_bM3
100 0 0 _aMatthews, G. A.
_eed.
_973077
245 _aApplication technology for crop protection
260 _aOxon :
_bCAB International,
_c1993
300 _a359 p.
_b: ilus.
590 _aBATCH-UPD
_b10
_c20130110
_lUCH01
_h0515
590 _aBATCH-UPD
_b10
_c20130110
_lUCH01
_h2208
590 _aBATCH-UPD
_b10
_c20130410
_lUCH01
_h0153
590 _aBATCH-UPD
_b10
_c20130914
_lUCH01
_h0452
590 _aCONVERSION
_b10
_c20130109
_lUCH01
_h1332
650 1 4 _aAviación en agricultura.
_98698
650 1 4 _aCultivos
_xProtección.
_930311
650 1 4 _aFungicidas.
_944044
650 1 4 _aHerbicidas.
_953691
650 1 4 _aInsecticidas.
_958855
650 1 4 _aPesticidas
_xAplicación.
_987539
700 0 _aHislop, E. C.
_eed.
_955587
901 _aBK
942 _cLIBRO
949 _a632.93 M3
_bBC
_cLIBRO
_d33724000082467
_eLIBRO
_gI.181531
_h90358
_i64979
_si
_t941.00
999 _c59844
_d59844